Statistics for UCL Clubs With Most Points in the 10 Latest Seasons (19)

Click here to take the quiz!

General Stats

  • This quiz has been taken 126 times
  • The average score is 28 of 30

Answer Stats

#PointsCountryClub% Correct
1236SpainReal Madrid
100%
2222SpainFC Barcelona
100%
3199GermanyBayern Munich
100%
5119EnglandChelsea
100%
6116EnglandManchester United
100%
7114ItalyJuventus
100%
9101FranceParis Saint-Germain
100%
8106EnglandManchester City
99%
10100PortugalFC Porto
99%
1198EnglandArsenal
99%
2940ItalyAC Milan
98%
1662EnglandLiverpool
98%
4121SpainAtlético Madrid
98%
1271PortugalSL Benfica
97%
1467GermanyBorussia Dortmund
97%
1761ItalyInter Milan
96%
1859EnglandTottenham Hotspur
96%
1563FranceOlympique Lyonnais
95%
2650NetherlandsAFC Ajax
95%
2253ItalyAS Roma
94%
2352ItalySSC Napoli
92%
1955GermanySchalke 04
89%
2054RussiaCSKA Moscow
87%
2451GreeceOlympiacos
87%
2747SpainSevilla
86%
2153SwitzerlandBasel
86%
3038FranceAS Monaco
85%
1368UkraineShakhtar Donetsk
81%
2843RussiaZenit Saint Petersburg
76%
2550GermanyBayer Leverkusen
66%

Score Distribution

Percentile by Number Answered

Percent of People with Each Score

Your Score History

You have not taken this quiz